zpět

Detail výsledku týmu

U sv. Filipa a Jakuba, Praha

Datum a čas kvízu

24.5 Celkem bodů Celkový počet nahraných bodů na tomto kvízu bez doplňovacích otázek.
6. Pořadí na kvízu Konečné umístění týmu na tomto kvízu.

Zaznamenané odpovědi

# Otázka Odpověď Body Výsledky
1. Předsedou KDU-ČSL se na pátečn... Marek Výborný 1
2. Letadlo charterové společnosti... Edinburgh 0
3. Čtvrté manželství amerického h... Nicolas Cage 1
4. Tři moravské pivovary přestan... Litovel, Zubr, Holba 1
5. 37letý záložník, hráč klubu AC... Marek Matějovský 1
6. Vaším úkolem bude uhodnout kře... Jaroslav / Tomáš Satoranský 0
7. Nejstarší muž z naší trojice b... Otokar / Karel / Michal Březina 0.5
8. Nejstarším z další trojice je... Emanuel / David Moravec; Nikol Moravcová 0
9. Slovenský jazzový a bluesový z... Peter / Dua Lipa 0
10. Generál (1885–1945) a hudebník... George, Mike Patton 0